00828nam a2200241Ia 450000500170000000800410001702000180005808200150007610000340009124500400012525000180016530000640018365000460024765100490029365100450034294200120038726400490039933600270044833700330047533800280050804000350053699900150057120220317001536.0161108s2011 ck ao g 000 0 s  a978958449612604a986.1bJ681 aSantos Molano, Enriqued1942-13aLa joven Constitución de Colombia a1a. edición a224 páginasbilustraciones, fotografías en colorc32 cm142LEMBaConstitución PolíticavHistoria 4acolombiaxConstitucion politicay1991975444 4aConstitucion politica de colombia975445 2ddccBK aBogotábCarlos Nicolás Hernándezc2011 atextobtxt2rdacontent asin mediaciónbn2rdamedia avolumenbnc2rdacarrier aCO-BoRNBPbspaerdacCO-BoRNBP c7306d7306